Statistics for Philadelphia 76ers Top 10 Leaders

Click here to take the quiz!

General Stats

  • This quiz has been taken 177 times
  • The average score is 11 of 27

Answer Stats

Answer % Correct
Allen Iverson
94%
Julius Erving
87%
Wilt Chamberlain
86%
Moses Malone
80%
Charles Barkley
79%
Maurice Cheeks
63%
Andre Iguodala
58%
Hal Greer
57%
Dolph Schayes
52%
Billy Cunningham
46%
Bobby Jones
45%
Caldwell Jones
45%
Eric Snow
43%
Darryl Dawkins
34%
Hersey Hawkins
29%
Theo Ratliff
28%
Manute Bol
23%
Luke Jackson
23%
Chet Walker
21%
Samuel Dalembert
19%
Red Kerr
18%
Thaddeus Young
14%
Steve Mix
12%
Clarence Weatherspoon
12%
Larry Costello
7%
Paul Seymour
3%
Al Bianchi
1%

Score Distribution

Percentile by Number Answered

Percent of People with Each Score

Your Score History

You have not taken this quiz